000 00306nam a2200133 i 4500
001 bg
100 1 _aSALNIKOV, G.
245 0 _aKratkij spravocnik masinostroitelja /
_cG. Salnikov.
260 _aKiev,
_c1963.
040 _cBPK
041 _apol
942 _cKS
008 s pl f |000 0 pol
999 _c8741
_d8741
856 _uhttp://koha.tu.koszalin.pl/cgi-bin/koha/opac-detail.pl?biblionumber=8741
_yKatalog online BPK